Score 0/16 Timer 03:00
2 Plays Today
Question Answer Wrong Answers
Actor
Will Smith
Will Smith
96.8%
Will Byers
0.4%
Will Truman
0.2%
Will Graham
0.2%
TV Show
The Fresh Prince of Bel-Air
Will Smith
96.7%
Will Byers
0.4%
Will Truman
0.2%
Will Graham
0.2%
TV Show
Will and Grace
Will Truman
94.9%
Will Byers
0.9%
Will Smith
0.6%
Will Graham
1.1%
Surname
Smith
Will Smith
93%
Will Byers
1.8%
Will Truman
1%
Will Graham
1.8%
Associates
Carlton Banks
Will Smith
92.5%
Will Byers
1.8%
Will Truman
1.5%
Will Graham
2%
TV Show
Stranger Things
Will Byers
90.8%
Will Smith
0.1%
Will Truman
0.3%
Will Graham
5.9%
TV Show
Hannibal
Will Graham
90.6%
Will Byers
4.3%
Will Smith
0.6%
Will Truman
1.6%
Actor
Hugh Dancy
Will Graham
83.4%
Will Byers
5.8%
Will Smith
0.6%
Will Truman
6.9%
Actor
Eric McCormack
Will Truman
82.4%
Will Byers
5.2%
Will Smith
0.3%
Will Graham
9%
Associates
Karen Walker
Will Truman
77.6%
Will Byers
9.6%
Will Smith
2.1%
Will Graham
7.6%
Surname
Byers
Will Byers
72.1%
Will Smith
1%
Will Truman
7.6%
Will Graham
16.2%
Surname
Truman
Will Truman
71%
Will Byers
10.3%
Will Smith
1%
Will Graham
14.5%
Actor
Noah Schnapp
Will Byers
70.9%
Will Smith
0.3%
Will Truman
3.7%
Will Graham
22.4%
Associates
Dustin Henderson
Will Byers
70.5%
Will Smith
2.2%
Will Truman
6.5%
Will Graham
17.6%
Surname
Graham
Will Graham
67.6%
Will Byers
15.9%
Will Smith
1%
Will Truman
12.3%
Associates
Alana Bloom
Will Graham
64%
Will Byers
22.2%
Will Smith
2.9%
Will Truman
7.4%

Today's Daily Dose

Word Ladder
AC/DC Albums

Quick Pick
Martial Arts

Get the Picture
Monarchy or Presidency

Remove Ads.
Support Sporcle.
Get the best of Sporcle when you Go Orange. This ad-free experience offers more features, more stats, and more fun while also helping to support Sporcle. Thank you for becoming a member.

You're not logged in!

Compare scores with friends on all Sporcle quizzes.
OR
Log In

Show Comments

Extras

Top Quizzes Today


Score Distribution

Your Account Isn't Verified!

In order to create a playlist on Sporcle, you need to verify the email address you used during registration. Go to your Sporcle Settings to finish the process.

Report this User

Report this user for behavior that violates our Community Guidelines.

Details: